Normale Ansicht MARC-Ansicht ISBD

Pjat' vekov Raevskich / (Titelsatznr. 40332)

[ MARC ]
MARC-Details
000 -Satzkennung
Kontrollfeld mit fester Länge 00581nam a22002291c 4500
001 - Kontrollnummer
Kontrollfeld 527954535
008 - Feld mit fester Länge zur physischen Beschreibung - Allgemeine Angaben
Kontrollfeld mit fester Länge 161128s2005 gw a||| 000u rus d
020 ## - Internationale Standardbuchnummer
Internationale Standardbuchnummer 5969700835
Verknüpfung 5-9697-0083-5
041 ## - Sprachcode
Sprachcode des Textes/der Tonspur oder des separaten Titels rus
040 ## - Katalogisierungsquelle
Übertragungsstelle RU-10907106
003 - Kontrollnummer Identifier
Kontrollfeld RU-10907106
100 1# - Haupteintragung - Personenname
Personenname Raevskij, Sergej Petrovič
245 00 - Titel
Titel Pjat' vekov Raevskich /
Verfasserangabe etc. Sergej Raevskij
246 10 - Titelvarianten
Hauptsachtitel/Kurztitel 5
264 ## - Produktion, Veröffentlichung, Distribution, Herstellung und Urheberrechtsvermerk
Herstellungs-, Veröffentlichungs- Vertriebs-, Erzeugungsort Moskva :
Produzent, Herausgeber, Distributor, Hersteller Vagrius,
Datum der Herstellung, der Veröffentlichung, des Vertriebs oder des Urheberschutzvermerks 2005
300 ## - Physische Beschreibung
Umfang 590 S., [8] Bl : Ill
490 #0 - Gesamttitelangabe
Gesamttitelangabe Semejnye chroniki
600 #0 - Nebeneintragung unter einem Schlagwort - Personenname
Personenname Raevskij (Familie)
651 #0 - Nebeneintragung unter einem Schlagwort - Geografischer Name
Geografischer Name Russland
651 #0 - Nebeneintragung unter einem Schlagwort - Geografischer Name
Geografischer Name Sowjetunion
942 ## - Zusätzliche Felder (Koha)
Koha-Medientyp Monographien
Exemplare
Ausgeschieden Verloren Klassifikation oder Aufstellungssystematik Beschädigt Nicht entleihbar Heimatbibliothek Aufenthaltsbibliothek Aufstellungsort Erwerbungsdatum Inventarnummer Signatur Barcode Letzte Aktivität Preis gültig von Koha-Medientyp
    Andere/Generische Klassifikation     MWN Osteuropa MWN Osteuropa Magazin - 2 28/11/2016 16-04658 R 62 k Rae E00401509F936F53 23/02/2021 22/03/2021 Monographien